header

Microbial status and genetic evaluation of mice and rats (Record no. 67023)

MARC details
000 -LEADER
fixed length control field 01556nam a2200349Ia 4500
245 00 - TITLE STATEMENT
Title Microbial status and genetic evaluation of mice and rats
260 ## - PUBLICATION, DISTRIBUTION, ETC. (IMPRINT)
Place of publication Washington, D.C. :
Name of publisher National Academy Press,
Year of publication c2000.
300 ## - PHYSICAL DESCRIPTION
Number of Pages xvi, 166 p. :
Other physical details ill.
490 1# - SERIES STATEMENT
Series statement The compass series
650 #0 - SUBJECT ADDED ENTRY--TOPICAL TERM
Topical Term Rats as laboratory animals
Topical Term Mice as laboratory animals
Topical Term Rats
Topical Term Mice
Topical Term Rats
Topical Term Mice
856 40 - ELECTRONIC LOCATION AND ACCESS
Uniform Resource Identifier http://site.ebrary.com/lib/rucke/Doc?id=10051630

No items available.

© 2026 Rongo University
Contact us: librarian | system librarian | Rongo university